1481 1104 1361 1166 1558 1099 1929 1152 1404 1436 1498 1903 1921 1679 1876 1827 1013 1245 1693 1167 1963 1204 1651 1252 1972 1237 1977 1172 1552 1687 1739 1783 1443 1127 1441 1387 1561 1296 1949 1267 1236 1389 1644 1110 1413 1623 1309 1905 1435 1890 1326 1279 1869 1099 1123 1737 1872 1573 1688 1712 1479 1252 1742 1541 1188 1051 1707 1402 1907 1392 1868 1389 1254 1254 1645 1042 1302 1913 1452 1219 1884 1155 1603 1166 1057 1539 1687 1664 1891 1884 1886 1659 1221 1230 1024 1313 1721 1499 1025 BCNSPRNW ULIB Ver.6.0+V

เปลี่ยนเป็นภาษาไทย

Change to English
 แสดงรายละเอียดบรรณานุกรม
  กลับหน้าหลัก

Brief Record : Get Marc (ISO 2709) : E-mail record : QR code < ปิดหน้าต่าง
LEADER : 00000nam 2200000uu 4500
001    13399122700
003     ULIB
008    130902s2554||||th 000 0 tha d
020    ^a9789740326625
050    ^aQA76^bณ321ก
100 0  ^aณัฐกร สงคราม
245 10 ^aการออกแบบและพัฒนามัลติมีเดียเพื่อการเรียนรู้ =^bMultimedia for learning : design & development /^cณัฐกร สงคราม
246 31 ^aMultimedia for learning : design & development.
250    ^aพิมพ์ครั้งที่ 2
260    ^aกรุงเทพฯ :^bสำนักพิมพ์แห่งจุฬาลงกรณ์มหาวิทยาลัย,^c2554
300    ^a163 หน้า :^bภาพประกอบสีบางภาพ ;^c26 ซม.
650  4 ^aสื่อการสอน
650  4 ^aระบบมัลติมีเดียในการศึกษา
650  4 ^aระบบมัลติมีเดีย
650  4 ^aคอมพิวเตอร์ช่วยการสอน
945    ^p180^l0^i20142
999    ^aทศพร เกษรทอง
รายการนี้ยังไม่มีแท็ก
คุณยังไม่ได้ล็อกอิน คุณสามารถมีกิจกรรมร่วมกับเว็บไซต์ได้ แต่ต้องล็อกอินก่อน ::
  ล็อกอิน

รายการสื่อสารสนเทศ

ลำดับที่ ประเภท เลขเรียก/บาร์โค้ด สถานที่ สถานะ
1. การศึกษาทั่วไป
การศึกษาทั่วไป
QA76 ณ321ก ฉ.1 
  Barcode: 20142
ห้องสมุดวิทยาเขตนครสวรรค์
►หนังสือทั่วไป:l:General Books
บนชั้น

รายการใกล้เคียง
    ผู้แต่ง [ณัฐกร สงคราม]

    หัวเรื่อง [สื่อการสอน]
    หัวเรื่อง [ระบบมัลติมีเดียในการศึกษา]
    หัวเรื่อง [ระบบมัลติมีเดีย]
    หัวเรื่อง [คอมพิวเตอร์ช่วยการสอน]

BibComment


ยังไม่เคยถูกคอมเมนท์

คอมเมนท์ทรัพยากรรายการนี้
  คอมเมนท์: การออกแบบและพัฒน..


 Copyright 2026. Bcnsprnw @Library